Loading...
| Current Events | 2 | 10.00 | 100% | 50% | 0% |
| Fine Arts - Classical Music | 6 | 8.33 | 67% | 17% | 0% |
| Fine Arts - Other Fine Arts | 5 | 12.00 | 80% | 40% | 0% |
| Fine Arts - Painting & Sculpture | 6 | 16.67 | 100% | 67% | 0% |
| History - American History | 3 | 6.67 | 100% | 0% | 0% |
| History - European History | 6 | 18.33 | 100% | 67% | 17% |
| History - Other History | 7 | 11.43 | 100% | 14% | 0% |
| History - World History | 9 | 11.11 | 78% | 33% | 0% |
| Literature - American Literature | 7 | 10.00 | 86% | 14% | 0% |
| Literature - British Literature | 6 | 6.67 | 67% | 0% | 0% |
| Literature - European Literature | 6 | 8.33 | 67% | 17% | 0% |
| Literature - World Literature | 6 | 5.00 | 50% | 0% | 0% |
| Mythology | 5 | 10.00 | 100% | 0% | 0% |
| Other Academic | 4 | 15.00 | 100% | 50% | 0% |
| Philosophy | 4 | 15.00 | 100% | 50% | 0% |
| Religion | 5 | 12.00 | 100% | 20% | 0% |
| Science - Biology | 7 | 8.57 | 71% | 0% | 14% |
| Science - Chemistry | 8 | 15.00 | 88% | 63% | 0% |
| Science - Other Science | 4 | 7.50 | 75% | 0% | 0% |
| Science - Physics | 5 | 10.00 | 100% | 0% | 0% |
| Social Science | 6 | 20.00 | 100% | 67% | 33% |